00349nam a2200097Ia 4500008004100000245010100041245002200142260000900164650003000173856004800203171204s9999 xx 000 0 und d aAnalytical Finance Volume I: The Mathematics of Equity Derivatives, Markets, Risk and Valuation: cJan R. M. Ròˆman c2017 xFINANCIAL MANAGEMENT 1-24 uhttp://down.ebook777.com/060/3319340263.pdf